00302nam a2200109Ia 4500008004000000082001800040100002000058245003400078260003800112300001200150650003000162210210b1967 xxu||||| |||| 00| 0 eng d a541.3723 ROBI aROBBINS (Omer). aIonic reactions & equilibria. aNew YorkbThe Macmillan Co.c1967 axiv,370 aIonic Reaction Equilibria